| 000 | 00865nam a2200313 a 4500 | ||
|---|---|---|---|
| 003 | AR-BaBNM | ||
| 005 | 20251128205954.0 | ||
| 008 | 082120s2002 ||||||||||||||000 | spa|| | ||
| 020 | _a84-7509-506-2 | ||
| 040 | _cAR-BaBNM | ||
| 100 | 1 | _aMarinis, Marco de | |
| 245 | 0 | 0 |
_aEl nuevo teatro _b1947-1970 |
| 260 |
_aBarcelona _bPaidós _c1987 |
||
| 300 | _a342 p. | ||
| 490 | 0 |
_aInstrumentos Paidós _vv. 6 |
|
| 500 | _aContiene referencias bibliográficas en p. 319 | ||
| 500 | _aIndice de autores en p. 335 | ||
| 650 | 4 | _aTEATRO | |
| 650 | 4 | _aCRITICA LITERARIA | |
| 650 | 4 | _aHISTORIA LITERARIA | |
| 650 | 4 | _aESCRITORES | |
| 653 | _aCRITICA TEATRAL | ||
| 655 | _aLITERATURA | ||
| 700 | 1 |
_aAnastasi de Lonné, Beatriz E. _etraductor |
|
| 700 | 1 |
_aSpiegler, Susana _etraductor |
|
| 800 | 1 |
_aEco, Umberto _edirector |
|
| 942 | _cBK | ||
| 998 | _cMARTIN | ||
| 999 |
_c13550 _d13550 |
||